Statistics for Lyrics from the Encanto song We Don't Talk About Bruno

Click here to take the quiz!

General Stats

  • This quiz has been taken 24 times
  • The average score is 385 of 486

Answer Stats

Answer% Correct
Do
100%
don't
100%
Don't
100%
no!
100%
No
100%
no
100%
no.
100%
We
100%
a
94%
about
94%
Bruno...
94%
Bruno!
94%
Bruno,
94%
Bruno
94%
Bruno.
94%
Bruno?
94%
cloud
94%
day
94%
day.
94%
day,
94%
I
94%
I?
94%
In
94%
in
94%
It
94%
it
94%
my
94%
our
94%
sky.
94%
sky!
94%
story
94%
talk
94%
the
94%
was
94%
wedding
94%
you.
94%
you
94%
You
94%
all
88%
am
88%
but
88%
but!
88%
clouds
88%
grin.
88%
grin-
88%
He
88%
he
88%
mi
88%
mischievous
88%
of
88%
on
88%
on.
88%
or
88%
so
88%
sorry
88%
sorry,
88%
tell
88%
telling
88%
there
88%
wasn't
88%
with
88%
allowed
82%
and
82%
die,
82%
foot
82%
go
82%
him
82%
his
82%
like
82%
look
82%
name,
82%
name.
82%
said...
82%
says
82%
Seven
82%
sound
82%
walks
82%
were
82%
would
82%
your
82%
Your
82%
along
76%
at
76%
back.
76%
black.
76%
calls
76%
dead!
76%
dreams
76%
dreams.
76%
fades
76%
fallen
76%
fish
76%
hear
76%
hurricane.
76%
looks
76%
me
76%
mischievous
76%
next
76%
Óye
76%
rain.
76%
rats
76%
Rats
76%
sand.
76%
that
76%
this
76%
Thunder!
76%
to
76%
understand?
76%
understand.
76%
us?
76%
when
76%
When
76%
associate
71%
brain.
71%
did
71%
doing
71%
getting
71%
I'm
71%
is
71%
it's
71%
It's
71%
Married
71%
now
71%
now.
71%
Oh
71%
read.
71%
ready.
71%
ready
71%
sees
71%
told
71%
Um,
71%
What
71%
anyway.
65%
be
65%
can
65%
could
65%
family
65%
feasts
65%
frame.
65%
frame,
65%
head.
65%
man
65%
prophecies
65%
vida
65%
Why
65%
yeah
65%
Yeah,
65%
Abuela
59%
always
59%
another.
59%
betrothed
59%
floods
59%
fumbling,
59%
grappling
59%
hair
59%
I'd
59%
just
59%
not
59%
Not
59%
out
59%
reach,
59%
screams.
59%
vine.
59%
couldn't
53%
fate
53%
gift
53%
grow
53%
gut
53%
Hey!
53%
Hey
53%
humbling,
53%
life
53%
mine.
53%
mumbling.
53%
need
53%
prophecy
53%
really
53%
sealed
53%
some
53%
sort
53%
umbrellas.
53%
disappear,
47%
fear
47%
grapes
47%
here.
47%
here!
47%
joyous
47%
know
47%
left
47%
power
47%
promised
47%
Sis
47%
stuttering
47%
they
47%
thrive
47%
want
47%
way.
47%
get's
41%
heavy
41%
He's
41%
lift
41%
live
41%
never
41%
stumbling.
41%
word
41%
boyfriend's
35%
for
35%
Mariano's
35%
muttering
35%
truth
35%
whole
35%
dinner!
29%
Isabela
29%
Time
29%
up
29%
brought
24%
should've
24%
Grew
18%
Gimmie
12%

Score Distribution

Percentile by Number Answered

Percent of People with Each Score

Your Score History

You have not taken this quiz